00326 a2200133 4500001000700000020002200007040001100029100001900040240004800059245004300107300000800150362000900158440002500167187941 a978-85-359-1626-3 cMagnum aLarsson, Stieg10aOs homens que não amavam as mulhereslpor10aOs homens que não amavam as mulheres a5220 a2008 1aCompanhia das Letras